00973nac a22002531u 4500010001600000020002800016082001900044090001500063100003400078245014500112250001200257260006000269300003300329440004300362500002000405500002600425504003000451511002600481650003100507650003800538942002100576999001500597952010700612 a 86005889 a0815623682 (alk. paper)00a391.00962bRUG c5405d5405 aRugh, Andrea B. 10aReveal and conceal :bdress in contemporary Egypt /cAndrea B. Rugh ; line drawings by Elizabeth Rodenbeck ; photographs by William A. Rugh. a1st ed. aSyracuse, N.Y. :bSyracuse University Press,1986c1986. axi, 185 p. :bill. ;c26 cm. 0aContemporary issues in the Middle East aIncludes index. adistributer: Al-Ahram aBibliography: p. 179-180. acatalogued by: wessam 0aClothing and dresszEgypt. 0aClothing and dressvCase studies. cBBk391.00962RUG c5405d5405 00104070aMAINbMAINc1STd2007-10-25ePurchasel0o391.00962RUGp000006636r2025-07-15 00:00:00yBB